00362 a2200109 4500020001500000082001700015100001800032245009700050260004700147300003500194650002300229 a0195470052 a954.6052 WID aWidmalm, Sten aKashmir in Comparative Perspective Democracy and Violent Separatism in India /cSten Widmalm aPakistan :bOxford university press,c2002 axxvvii, 226p. :bill. ;c23 cm aHistory -- Kashmir